Responses for Show #2153 - Wednesday, January 5, 1994

Kurt Bray game 3.

Contestants

[<< previous game]

Peter Krantz, a glass artist from Oxnard, California

Carla Carter, a Russian interpreter originally from Houston, Texas

Kurt Bray, a scientist from Oceanside, California (whose 2-day cash winnings total $20,000)

[next game >>]

Jeopardy! Round responses

THE CIVIL WAR
1980s TV
ANNUAL EVENTS
NUMBER, PLEASE
THE DEVIL
THE DEEP BLUE SEA
    $100 1
Richmond

Carla
    $100 5
Cheers

Peter
    $100 21
(Carla: What is Spain?)

Mexico

KurtCarla
    $100 22
Number One

Kurt
    $100 8
salt

Kurt
    $100 13
algae

Peter
    $200 2
the Monitor

Peter
    $200 6
J.R. Ewing

Kurt
    $200 27
Father's Day

Kurt
    $200 23
(Peter: [No response])
(Kurt: What's A Tale of [*] Cities?)

2

KurtPeter
    $200 9
dice

Kurt
    $200 14
a squid

Kurt
    $300 3
Sherman

Kurt
    $300 16
Cagney & Lacey

Kurt
    $300 28
Cheyenne

Kurt
    $300 24
(Kurt: What is 2?)

3

KurtCarla
    $300 10
an exorcism

Carla
    $300 15
flounders

Carla
    $400 4
Ulysses S. Grant

Carla
    $400 19
The A-Team

Carla
    $400 29
(Carla: What is Oregon?)

Oklahoma

Carla
Triple Stumper
    $400 25
(Peter: What are 5?)
(Kurt: What is 3?)

4

KurtPeter
Triple Stumper
    $400 11
Satan

Kurt
    $1,500 17
the Atlantic Ocean

Kurt
    $500 7
Lew Wallace

Kurt
    $500 20
That's Incredible!

Triple Stumper
    $500 30
May 1 (May Day)

Kurt
    $500 26
(Peter: What are six?)
...
(Alex: It might have helped you if you had been able to pick up the outstanding clue in this whole thing, and that is the first response was one, then came two, then came three, then came four, and finally, [*].)

5

KurtPeter
    $500 12
"The Devil & Daniel Webster"

Peter
    $500 18
a killer whale

Peter

Scores at the first commercial break (after clue 15):

Kurt Carla Peter
$1,900 $1,100 $900

Scores at the end of the Jeopardy! Round:

Kurt Carla Peter
$4,900 $1,300 $300

Double Jeopardy! Round responses

WORLD HISTORY
GROUPS & ASSOCIATIONS
U.S. GEOGRAPHY
IRON
LITERATURE
STARTS & ENDS WITH "K"
    $200 13
the Inca

Carla
    $200 24
AAA

Carla
    $200 8
California

Kurt
    $200 18
a compass

Kurt
    $200 3
Jack London

Kurt
    $200 1
a kayak

Peter
    $400 14
Marcos

Kurt
    $400 25
[NOTE: The word "families" was misspelled on the clue screen as shown.]

Zero Population Growth

Carla
    $400 9
the Blue Ridge Mountains

Carla
    $400 19
the Bronze Age

Kurt
    $400 4
Pinocchio

Kurt
    $400 2
a knapsack

Kurt
    $600 15
Richelieu

Peter
    $600 26
the NAACP

Kurt
    $600 10
(Peter: What is Westchester?)
(Carla: What's Brooklyn?)

The Bronx

CarlaPeter
Triple Stumper
    $600 20
wrought iron

Peter
    $600 5
An American Tragedy

Triple Stumper
    $600 21
a kopeck

Kurt
    $800 16
Korean Air Lines

Kurt
    $800 27
the Organization of American States

Carla
    $800 11
Galveston

Kurt
    $800 22
hemoglobin

Kurt
    $2,000 6
(Kurt: What is Sons and Lovers?)

Women in Love

Kurt
    $800 29
a kiosk

Carla
    $1000 17
(Kurt: What's Estonia?)
(Carla: What's Lithuania?)
(Peter: What's Latvia?)

Finland

KurtCarlaPeter
Triple Stumper
    $1000 28
Common Cause

Peter
    $1,500 12
(Kurt: What is the Missouri?)

the Wabash

Kurt
    $1000 23
slag

Kurt
    $1000 7
Cicero

Carla
    $1000 30
kirk

Kurt

Scores at the end of the Double Jeopardy! Round:

Kurt Carla Peter
$8,200 $3,500 $1,100
(lock game)

[wagering suggestions for these scores]

Final Jeopardy! Round responses

CARD GAMES
(Alex: The current reigning monarch is Queen Elizabeth II. That's a queen, and she was preceded by [**]. King George VI, her father, her uncle Edward VIII, George V, and Edward VII. So the best poker hand would be [**].)
PeterWhat are 3 queens?
$1,100
CarlaWhat is pair of queens + 3 kings?
$3,500
KurtWhat is a full house?
$1,000
four of a kind (four kings)

Final scores:

Kurt Carla Peter
$7,200 $0 $0
3-day champion: $27,200 2nd place: La-Z-Boy sofa & love seat + Bose music system 3rd place: Cutco knife set + Wheel of Fortune & Jeopardy! games for the Super Nintendo & Sega Genesis

Game dynamics:

Coryat scores:

Kurt Carla Peter
$10,600 $3,500 $1,100
30 R
(including 1 DD),
5 W
(including 2 DDs)
13 R,
4 W
9 R,
5 W

Combined Coryat: $15,200

[game clues] [game scores] [suggest correction]

Game tape date: 1993-09-21
The J! Archive is created by fans, for fans. Scraping, republication, monetization, and malicious use prohibited; this site may use cookies and collect identifying information. See terms. The Jeopardy! game show and all elements thereof, including but not limited to copyright and trademark thereto, are the property of Jeopardy Productions, Inc. and are protected under law. This website is not affiliated with, sponsored by, or operated by Jeopardy Productions, Inc. Join the discussion at JBoard.tv.